000
00299nam a22001337a 4500
020
_q
PB.
040
_c
FIZZA ISHAQ
082
_a
624
_b
MEM
100
_a
MEMON.
_9
110469
245
_a
CIVIL ENGINEERING PRACTICAL /
_c
MEMON.
260
_b
PARAMOUNT ;
_c
2015.
300
_a
288 P. ;
942
_2
ddc
_c
BK
999
_c
593793
_d
593793